00294nam a2200121Ia 4500008004100000082001600041100001600057245004500073250000900118260002900127300000800156650000800164191201s2009 xx 000 0 und d a658.18bMAC aMATHUR, U C 0aCorporate Governance and Business Ethics aRep. aN.DelhibMacmillanc2009 a306 aMBA